Coléoptères phytophages d'Europe /

Bibliographic Details
Main Author: Du Chatenet, Gaëtan
Format: Book
Language:French
Published: Vitry-sur-Seine : N.A.P. Editions, 2000-
Subjects:

MARC

Tag First Indicator Second Indicator Subfields
LEADER 00000cam a2200000 a 4500
001 in00002015821
005 20151031152704.0
008 860519m20009999fr ab b 001 0 fre c
020 |a 2913688039 (t. 1) 
035 |a (OCoLC)ocm43755383 
040 |a COO  |c COO  |d TZT  |d BNB  |d CAW  |d UtOrBLW 
042 |a pcc 
043 |a e------ 
049 |a TXAM 
050 4 |a QL591.A1  |b D8 2000 
072 7 |a QH  |2 lcco 
082 1 4 |a 590  |2 1 
100 1 |a Du Chatenet, Gaëtan. 
245 1 0 |a Coléoptères phytophages d'Europe /  |c Gaëtan du Chatenet. 
264 1 |a Vitry-sur-Seine :  |b N.A.P. Editions,  |c 2000- 
300 |a volumes :  |b illustrations (some color), maps ;  |c 21 cm. 
336 |a text  |b txt  |2 rdacontent 
337 |a unmediated  |b n  |2 rdamedia 
338 |a volume  |b nc  |2 rdacarrier 
504 |a Includes bibliographical references and index. 
505 0 |a [ t. 1.] Coléoptères phytophages d'Europe -- t. 2. Chrysomelidae 
650 0 |a Beetles  |z Europe. 
650 0 |a Phytophagous insects  |z Europe. 
650 7 |a Coléoptères  |z Europe.  |2 ram 
653 |a Entomology 
938 |a Jean Touzot Libraire Editeur  |b TOUZ  |n JTL00039346  |c 370 FRF 
994 |a C0  |b TXA 
948 |a cataloged  |b h  |c 2005/2/10  |d c  |e bwalker  |f 2:22:25 pm 
999 |a MARS 
999 f f |s 0525f465-cdd6-3aa1-91a4-2ee4ae6ec6f5  |i 9d826dd2-dc68-3418-9b66-a3ee50e6c728  |t 0 
952 f f |p normal  |a Texas A&M University  |b College Station  |c Sterling C. Evans Library  |d Evans: Library Stacks  |t 0  |e QL591.A1 D8 2000  |h Library of Congress classification  |i unmediated -- volume  |k t.1  |m A14832286930 
952 f f |p normal  |a Texas A&M University  |b College Station  |c Sterling C. Evans Library  |d Evans: Library Stacks  |t 0  |e QL591.A1 D8 2000  |h Library of Congress classification  |i unmediated -- volume  |k t.2  |m A14831743434 
998 f f |a QL591.A1 D8 2000  |s t.1-t.2  |t 0  |l Evans: Library Stacks